[Event "Stay Safe Play From Home 395"]
[Site "Emanuel Lasker Arena"]
[Date "2020.08.19"]
[Round "2"]
[White "Hickey"]
[Black "Riddhi Khanna"]
[Result "1-0"]
[WhiteElo "2235"]
[BlackElo "1359"]
[PlyCount "23"]
[EventDate "2020.08.19"]
[EventType "swiss (blitz)"]

1. Nf3 {[%emt 0:00:02]} d5 {[%emt 0:00:02]} 2. d4 {[%emt 0:00:01]} Nc6 {[%emt 0:00:03]} 3. Bf4 {[%emt 0:00:00]} Bf5 {[%emt 0:00:02]} 4. e3 {[%emt 0:00:01]} e6 {[%emt 0:00:02]} 5. c4 {[%emt 0:00:00]} dxc4 {[%emt 0:00:03]} 6. Nc3 {[%emt 0:00:01]} Nb4 {[%emt 0:00:01]} 7. Rc1 {[%emt 0:00:07]} c5 {[%emt 0:00:04]} 8. Bxc4 {[%emt 0:00:02]} cxd4 {[%emt 0:00:02]} 9. Nxd4 {[%emt 0:00:00]} Bg6 {[%emt 0:00:05]} 10. O-O {[%emt 0:00:01]} Nc6 {[%emt 0:00:04]} 11. Bb5 {[%emt 0:00:04]} b6 {[%emt 0:00:00]} 12. Bxc6+ {[%emt 0:00:02] TimeB TimeB TimeB} 1-0

[Event "Stay Safe Play From Home 395"]
[Site "Emanuel Lasker Arena"]
[Date "2020.08.19"]
[Round "2"]
[White "Padmaesh M K"]
[Black "Mepe_Nika"]
[Result "0-1"]
[WhiteElo "1909"]
[BlackElo "2326"]
[PlyCount "46"]
[EventDate "2020.08.19"]
[EventType "swiss (blitz)"]

1. e3 {[%emt 0:00:02]} d5 {[%emt 0:00:02]} 2. d4 {[%emt 0:00:00]} Nf6 {[%emt 0:00:01]} 3. Bd3 {[%emt 0:00:01]} c6 {[%emt 0:00:00]} 4. Nd2 {[%emt 0:00:01]} Bg4 {[%emt 0:00:01]} 5. Ngf3 {[%emt 0:00:02]} Nbd7 {[%emt 0:00:01]} 6. b3 {[%emt 0:00:01]} e5 {[%emt 0:00:01]} 7. dxe5 {[%emt 0:00:03]} Nxe5 {[%emt 0:00:00]} 8. Bb2 {[%emt 0:00:04]} Bd6 {[%emt 0:00:01]} 9. h3 {[%emt 0:00:02]} Nxd3+ {[%emt 0:00:01]} 10. cxd3 {[%emt 0:00:01]} Bh5 {[%emt 0:00:00]} 11. O-O {[%emt 0:00:02]} O-O {[%emt 0:00:01]} 12. Qc2 {[%emt 0:00:01]} Rc8 {[%emt 0:00:01]} 13. d4 {[%emt 0:00:01]} Bb8 {[%emt 0:00:01]} 14. Rac1 {[%emt 0:00:02]} Bg6 {[%emt 0:00:03]} 15. Qd1 {[%emt 0:00:04]} Ne4 {[%emt 0:00:01]} 16. Nxe4 {[%emt 0:00:02]} Bxe4 {[%emt 0:00:01]} 17. Nd2 {[%emt 0:00:02]} Qd6 {[%emt 0:00:01]} 18. g3 {[%emt 0:00:04]} Bd3 {[%emt 0:00:02]} 19. Re1 {[%emt 0:00:02]} Qh6 {[%emt 0:00:00]} 20. Qg4 {[%emt 0:00:14]} Rce8 {[%emt 0:00:02]} 21. Nf3 {[%emt 0:00:01]} Re4 {[%emt 0:00:02]} 22. Qf5 {[%emt 0:00:01]} Rxe3 {[%emt 0:00:02]} 23. Re2 {[%emt 0:00:02] Padmaesh M K resigns Padmaesh M K resigns Padmaesh M K resigns (Lag: Av=0.45s, max=0.6s) (Lag: Av=0.45s, max=0.6s) (Lag: Av=0.45s, max=0.6s)} Bxf5 {[%emt 0:00:01]} 0-1

[Event "Stay Safe Play From Home 395"]
[Site "Emanuel Lasker Arena"]
[Date "2020.08.19"]
[Round "2"]
[White "Dreamsoldier"]
[Black "theCHESSHOUSE"]
[Result "0-1"]
[WhiteElo "1214"]
[BlackElo "1996"]
[PlyCount "120"]
[EventDate "2020.08.19"]
[EventType "swiss (blitz)"]

1. e4 {[%emt 0:00:02]} c5 {[%emt 0:00:01]} 2. Nf3 {[%emt 0:00:01]} d6 {[%emt 0:00:00]} 3. Nc3 {[%emt 0:00:00]} Nf6 {[%emt 0:00:02]} 4. Bb5+ {[%emt 0:00:00]} Qd7 {[%emt 0:00:01]} 5. Bxd7+ {[%emt 0:00:01]} Bxd7 {[%emt 0:00:01]} 6. d3 {[%emt 0:00:00]} Nc6 {[%emt 0:00:01]} 7. Bg5 {[%emt 0:00:00]} g6 {[%emt 0:00:01]} 8. Bxf6 {[%emt 0:00:01]} exf6 {[%emt 0:00:00]} 9. Qd2 {[%emt 0:00:01]} Bg7 {[%emt 0:00:01]} 10. O-O {[%emt 0:00:01]} O-O {[%emt 0:00:03]} 11. Nd5 {[%emt 0:00:00]} Rac8 {[%emt 0:00:06]} 12. a3 {[%emt 0:00:02]} Ne5 {[%emt 0:00:02]} 13. Nxe5 {[%emt 0:00:02]} fxe5 {[%emt 0:00:01]} 14. Rab1 {[%emt 0:00:02]} b5 {[%emt 0:00:01]} 15. Ne7+ {[%emt 0:00:01]} Kh8 {[%emt 0:00:01]} 16. Nxc8 {[%emt 0:00:00]} Bxc8 {[%emt 0:00:00]} 17. f4 {[%emt 0:00:00]} exf4 {[%emt 0:00:01]} 18. Rxf4 {[%emt 0:00:01]} Be6 {[%emt 0:00:00]} 19. Qf2 {[%emt 0:00:01]} Bd4 {[%emt 0:00:01]} 20. Rf1 {[%emt 0:00:03]} Bxf2+ {[%emt 0:00:03]} 21. R1xf2 {[%emt 0:00:00]} Kg7 {[%emt 0:00:01]} 22. h3 {[%emt 0:00:02]} a5 {[%emt 0:00:01]} 23. c3 {[%emt 0:00:02]} b4 {[%emt 0:00:01]} 24. axb4 {[%emt 0:00:00]} axb4 {[%emt 0:00:01]} 25. c4 {[%emt 0:00:01]} Ra8 {[%emt 0:00:02]} 26. Kh2 {[%emt 0:00:01]} Ra2 {[%emt 0:00:01]} 27. R4f3 {[%emt 0:00:01]} Ra1 {[%emt 0:00:02]} 28. Re3 {[%emt 0:00:11]} Rd1 {[%emt 0:00:03]} 29. e5 {[%emt 0:00:01]} dxe5 {[%emt 0:00:03]} 30. Rfe2 {[%emt 0:00:01]} b3 {[%emt 0:00:04]} 31. Re1 {[%emt 0:00:01]} Rd2 {[%emt 0:00:01]} 32. R1e2 {[%emt 0:00:01]} Rd1 {[%emt 0:00:02]} 33. Rxe5 {[%emt 0:00:03]} Rxd3 {[%emt 0:00:01]} 34. Rxc5 {[%emt 0:00:00]} Rd4 {[%emt 0:00:01]} 35. Rc6 {[%emt 0:00:01]} Bxc4 {[%emt 0:00:01]} 36. Rf2 {[%emt 0:00:03]} Be6 {[%emt 0:00:02]} 37. Rc7 {[%emt 0:00:01]} h5 {[%emt 0:00:02]} 38. Re2 {[%emt 0:00:02]} Kh6 {[%emt 0:00:01]} 39. Rxe6 {[%emt 0:00:02]} fxe6 {[%emt 0:00:00]} 40. Re7 {[%emt 0:00:00]} Re4 {[%emt 0:00:00]} 41. Rd7 {[%emt 0:00:01]} e5 {[%emt 0:00:00]} 42. Rb7 {[%emt 0:00:00]} Re3 {[%emt 0:00:00]} 43. Rb4 {[%emt 0:00:00]} e4 {[%emt 0:00:00]} 44. Rd4 {[%emt 0:00:00]} Re2 {[%emt 0:00:01]} 45. Rd1 {[%emt 0:00:00]} e3 {[%emt 0:00:01]} 46. Re1 {[%emt 0:00:00]} Rxb2 {[%emt 0:00:00]} 47. Rxe3 {[%emt 0:00:01]} Rb1 {[%emt 0:00:00]} 48. Rc3 {[%emt 0:00:00]} b2 {[%emt 0:00:00]} 49. Rf3 {[%emt 0:00:00]} Rc1 {[%emt 0:00:01]} 50. Rb3 {[%emt 0:00:00]} b1=Q {[%emt 0:00:00]} 51. Rxb1 {[%emt 0:00:00]} Rxb1 {[%emt 0:00:00]} 52. Kg3 {[%emt 0:00:00]} Rb2 {[%emt 0:00:00]} 53. h4 {[%emt 0:00:00]} Rb3+ {[%emt 0:00:00]} 54. Kh2 {[%emt 0:00:01]} Rb4 {[%emt 0:00:00]} 55. g3 {[%emt 0:00:00]} Rg4 {[%emt 0:00:00]} 56. Kh3 {[%emt 0:00:00]} g5 {[%emt 0:00:00]} 57. Kg2 {[%emt 0:00:00]} gxh4 {[%emt 0:00:00]} 58. Kh3 {[%emt 0:00:01]} hxg3 {[%emt 0:00:01]} 59. Kg2 {[%emt 0:00:01]} h4 {[%emt 0:00:00]} 60. Kf3 {[%emt 0:00:00]} Kh5 {[%emt 0:00:00] Zaman Zaman Zaman (Lag: Av=0.68s, max=1.3s) (Lag: Av=0.68s, max=1.3s) (Lag: Av=0.68s, max=1.3s)} 0-1

[Event "Stay Safe Play From Home 395"]
[Site "Emanuel Lasker Arena"]
[Date "2020.08.19"]
[Round "2"]
[White "SashaGrebeniuc"]
[Black "Fat Kevin"]
[Result "0-1"]
[WhiteElo "1139"]
[BlackElo "2042"]
[PlyCount "46"]
[EventDate "2020.08.19"]
[EventType "swiss (blitz)"]

1. e4 {[%emt 0:00:02]} c5 {[%emt 0:00:00]} 2. Nf3 {[%emt 0:00:02]} Nf6 {[%emt 0:00:00]} 3. Nc3 {[%emt 0:00:02]} d5 {[%emt 0:00:02]} 4. e5 {[%emt 0:00:02]} Ne4 {[%emt 0:00:01]} 5. Nxe4 {[%emt 0:00:02]} dxe4 {[%emt 0:00:00]} 6. d3 {[%emt 0:00:01]} exf3 {[%emt 0:00:02]} 7. Qxf3 {[%emt 0:00:02]} Nc6 {[%emt 0:00:00]} 8. Bf4 {[%emt 0:00:03]} Nd4 {[%emt 0:00:01]} 9. Qd1 {[%emt 0:00:02]} Bg4 {[%emt 0:00:02]} 10. f3 {[%emt 0:00:02]} Bh5 {[%emt 0:00:03]} 11. c3 {[%emt 0:00:01]} Nc6 {[%emt 0:00:01]} 12. Be3 {[%emt 0:00:02]} e6 {[%emt 0:00:01]} 13. Be2 {[%emt 0:00:03]} Be7 {[%emt 0:00:01]} 14. Qc2 {[%emt 0:00:01]} O-O {[%emt 0:00:01]} 15. O-O {[%emt 0:00:03]} Bg6 {[%emt 0:00:00]} 16. Rfe1 {[%emt 0:00:04]} Qc7 {[%emt 0:00:00]} 17. f4 {[%emt 0:00:05]} Nxe5 {[%emt 0:00:02]} 18. fxe5 {[%emt 0:00:02]} Qxe5 {[%emt 0:00:00]} 19. Bf3 {[%emt 0:00:03]} c4 {[%emt 0:00:01]} 20. Bf2 {[%emt 0:00:07]} cxd3 {[%emt 0:00:04]} 21. Qd2 {[%emt 0:00:03]} Qb5 {[%emt 0:00:02]} 22. Rab1 {[%emt 0:00:03]} Bg5 {[%emt 0:00:01]} 23. Qd1 {[%emt 0:00:03]} d2 {[%emt 0:00:01] Время Время Время (Lag: Av=0.59s, max=1.1s) (Lag: Av=0.59s, max=1.1s) (Lag: Av=0.59s, max=1.1s)} 0-1

[Event "Stay Safe Play From Home 395"]
[Site "Emanuel Lasker Arena"]
[Date "2020.08.19"]
[Round "3"]
[White "Tran Minh Thang"]
[Black "IceQueen"]
[Result "1-0"]
[WhiteElo "2476"]
[BlackElo "2412"]
[PlyCount "69"]
[EventDate "2020.08.19"]
[EventType "swiss (blitz)"]

1. d4 {[%emt 0:00:01]} d6 {[%emt 0:00:00]} 2. Bf4 {[%emt 0:00:01]} Nf6 {[%emt 0:00:00]} 3. e3 {[%emt 0:00:00]} g6 {[%emt 0:00:00]} 4. Nf3 {[%emt 0:00:00]} Bg7 {[%emt 0:00:00]} 5. Nbd2 {[%emt 0:00:00]} O-O {[%emt 0:00:00]} 6. Be2 {[%emt 0:00:00]} Nc6 {[%emt 0:00:00]} 7. h3 {[%emt 0:00:00]} Re8 {[%emt 0:00:00]} 8. O-O {[%emt 0:00:00]} e5 {[%emt 0:00:00]} 9. dxe5 {[%emt 0:00:01]} dxe5 {[%emt 0:00:00]} 10. Bh2 {[%emt 0:00:00]} e4 {[%emt 0:00:00]} 11. Ne1 {[%emt 0:00:02]} Ne5 {[%emt 0:00:01]} 12. Nc4 {[%emt 0:00:01]} Nxc4 {[%emt 0:00:01]} 13. Qxd8 {[%emt 0:00:02]} Rxd8 {[%emt 0:00:00]} 14. Bxc4 {[%emt 0:00:00]} c6 {[%emt 0:00:01]} 15. c3 {[%emt 0:00:01]} b5 {[%emt 0:00:01]} 16. Bb3 {[%emt 0:00:01]} a5 {[%emt 0:00:00]} 17. a4 {[%emt 0:00:01]} Ba6 {[%emt 0:00:01]} 18. Nc2 {[%emt 0:00:01]} bxa4 {[%emt 0:00:01]} 19. Bxa4 {[%emt 0:00:02]} Bxf1 {[%emt 0:00:01]} 20. Kxf1 {[%emt 0:00:00]} Rd2 {[%emt 0:00:00]} 21. Ke1 {[%emt 0:00:03]} Rad8 {[%emt 0:00:04]} 22. Rb1 {[%emt 0:00:01]} c5 {[%emt 0:00:02]} 23. Bc7 {[%emt 0:00:10]} R8d5 {[%emt 0:00:05]} 24. Bxa5 {[%emt 0:00:05]} R2d3 {[%emt 0:00:04]} 25. Bb5 {[%emt 0:00:02]} Rg5 {[%emt 0:00:02]} 26. Bxd3 {[%emt 0:00:02]} exd3 {[%emt 0:00:00]} 27. Na3 {[%emt 0:00:00]} Rxg2 {[%emt 0:00:00]} 28. Rd1 {[%emt 0:00:01]} Rxf2 {[%emt 0:00:03]} 29. Kxf2 {[%emt 0:00:01]} d2 {[%emt 0:00:02]} 30. Ke2 {[%emt 0:00:01]} Ne4 {[%emt 0:00:01]} 31. Nc4 {[%emt 0:00:00]} f5 {[%emt 0:00:01]} 32. Nxd2 {[%emt 0:00:00]} Ng3+ {[%emt 0:00:00]} 33. Kf3 {[%emt 0:00:01]} Be5 {[%emt 0:00:00]} 34. e4 {[%emt 0:00:01]} f4 {[%emt 0:00:02]} 35. Nc4 {[%emt 0:00:00] IceQueen resigns IceQueen resigns IceQueen resigns (Lag: Av=0.69s, max=1.0s) (Lag: Av=0.69s, max=1.0s) (Lag: Av=0.69s, max=1.0s)} 1-0

[Event "Stay Safe Play From Home 395"]
[Site "Emanuel Lasker Arena"]
[Date "2020.08.19"]
[Round "3"]
[White "AChessPlayer"]
[Black "NTBT_DHS"]
[Result "1-0"]
[WhiteElo "2374"]
[BlackElo "2517"]
[PlyCount "143"]
[EventDate "2020.08.19"]
[EventType "swiss (blitz)"]

1. Nf3 {[%emt 0:00:02]} g6 {[%emt 0:00:01]} 2. d4 {[%emt 0:00:01]} Bg7 {[%emt 0:00:00]} 3. h4 {[%emt 0:00:00]} d6 {[%emt 0:00:00]} 4. h5 {[%emt 0:00:01]} Nc6 {[%emt 0:00:00]} 5. h6 {[%emt 0:00:00]} Bf6 {[%emt 0:00:01]} 6. Nc3 {[%emt 0:00:01]} e5 {[%emt 0:00:01]} 7. Nd5 {[%emt 0:00:02]} exd4 {[%emt 0:00:02]} 8. Nxf6+ {[%emt 0:00:02]} Qxf6 {[%emt 0:00:00]} 9. Bg5 {[%emt 0:00:03]} Qf5 {[%emt 0:00:00]} 10. Qd3 {[%emt 0:00:03]} Qa5+ {[%emt 0:00:02]} 11. Bd2 {[%emt 0:00:01]} Qb6 {[%emt 0:00:01]} 12. c3 {[%emt 0:00:02]} Bf5 {[%emt 0:00:01]} 13. Qc4 {[%emt 0:00:02]} Qxb2 {[%emt 0:00:03]} 14. Rc1 {[%emt 0:00:01]} O-O-O {[%emt 0:00:06]} 15. cxd4 {[%emt 0:00:01]} Nf6 {[%emt 0:00:01]} 16. e3 {[%emt 0:00:01]} Be6 {[%emt 0:00:02]} 17. Qc2 {[%emt 0:00:02]} Qxa2 {[%emt 0:00:02]} 18. Qxa2 {[%emt 0:00:01]} Bxa2 {[%emt 0:00:00]} 19. Bb5 {[%emt 0:00:01]} Bd5 {[%emt 0:00:01]} 20. Ng5 {[%emt 0:00:01]} Bxg2 {[%emt 0:00:05]} 21. Rg1 {[%emt 0:00:01]} Bd5 {[%emt 0:00:01]} 22. f3 {[%emt 0:00:01]} Rhe8 {[%emt 0:00:02]} 23. Kf2 {[%emt 0:00:01]} Re7 {[%emt 0:00:03]} 24. e4 {[%emt 0:00:01]} Bb3 {[%emt 0:00:03]} 25. Rc3 {[%emt 0:00:02]} Nxd4 {[%emt 0:00:01]} 26. Bd3 {[%emt 0:00:01]} c5 {[%emt 0:00:01]} 27. Be3 {[%emt 0:00:01]} Nc6 {[%emt 0:00:06]} 28. Rxb3 {[%emt 0:00:01]} Nd7 {[%emt 0:00:00]} 29. Bc4 {[%emt 0:00:01]} Nde5 {[%emt 0:00:01]} 30. Bd5 {[%emt 0:00:00]} f6 {[%emt 0:00:00]} 31. Ne6 {[%emt 0:00:01]} Rde8 {[%emt 0:00:01]} 32. Ng7 {[%emt 0:00:00]} Rf8 {[%emt 0:00:01]} 33. Rd1 {[%emt 0:00:01]} f5 {[%emt 0:00:00]} 34. exf5 {[%emt 0:00:00]} gxf5 {[%emt 0:00:00]} 35. Bg5 {[%emt 0:00:00]} Rd7 {[%emt 0:00:01]} 36. Be6 {[%emt 0:00:00]} Nd4 {[%emt 0:00:00]} 37. Rxd4 {[%emt 0:00:02]} cxd4 {[%emt 0:00:01]} 38. Rb1 {[%emt 0:00:01]} Kc7 {[%emt 0:00:01]} 39. Bxd7 {[%emt 0:00:01]} Kxd7 {[%emt 0:00:00]} 40. Rd1 {[%emt 0:00:01]} Nc6 {[%emt 0:00:00]} 41. Bf4 {[%emt 0:00:01]} b5 {[%emt 0:00:01]} 42. Bd2 {[%emt 0:00:01]} b4 {[%emt 0:00:00]} 43. Bxb4 {[%emt 0:00:01]} a5 {[%emt 0:00:00]} 44. Bxa5 {[%emt 0:00:01]} Nxa5 {[%emt 0:00:01]} 45. Rxd4 {[%emt 0:00:00]} Nc6 {[%emt 0:00:00]} 46. Rb4 {[%emt 0:00:00]} Ne7 {[%emt 0:00:00]} 47. Rb7+ {[%emt 0:00:01]} Kd8 {[%emt 0:00:01]} 48. Ne6+ {[%emt 0:00:01]} Ke8 {[%emt 0:00:01]} 49. Nxf8 {[%emt 0:00:01]} Kxf8 {[%emt 0:00:00]} 50. Rd7 {[%emt 0:00:00]} d5 {[%emt 0:00:00]} 51. Rd6 {[%emt 0:00:01]} Kf7 {[%emt 0:00:00]} 52. f4 {[%emt 0:00:00]} Kf8 {[%emt 0:00:00]} 53. Kf3 {[%emt 0:00:00]} Kf7 {[%emt 0:00:00]} 54. Rd7 {[%emt 0:00:00]} Ke6 {[%emt 0:00:00]} 55. Ke3 {[%emt 0:00:00]} Kf6 {[%emt 0:00:00]} 56. Ra7 {[%emt 0:00:01]} Ke6 {[%emt 0:00:00]} 57. Ra6+ {[%emt 0:00:00]} Kf7 {[%emt 0:00:01]} 58. Kd4 {[%emt 0:00:00]} Ng8 {[%emt 0:00:00]} 59. Ke5 {[%emt 0:00:00]} Nf6 {[%emt 0:00:00]} 60. Rxf6+ {[%emt 0:00:01]} Ke7 {[%emt 0:00:00]} 61. Kxf5 {[%emt 0:00:00]} d4 {[%emt 0:00:00]} 62. Re6+ {[%emt 0:00:00]} Kf7 {[%emt 0:00:00]} 63. Re4 {[%emt 0:00:00]} d3 {[%emt 0:00:00]} 64. Rd4 {[%emt 0:00:00]} Ke7 {[%emt 0:00:00]} 65. Rxd3 {[%emt 0:00:00]} Ke8 {[%emt 0:00:00]} 66. Ke5 {[%emt 0:00:00]} Ke7 {[%emt 0:00:00]} 67. Rd6 {[%emt 0:00:00]} Kf7 {[%emt 0:00:00]} 68. f5 {[%emt 0:00:00]} Kf8 {[%emt 0:00:00]} 69. f6 {[%emt 0:00:00]} Kf7 {[%emt 0:00:00]} 70. Kf5 {[%emt 0:00:00]} Ke8 {[%emt 0:00:01]} 71. Ke6 {[%emt 0:00:00]} Kf8 {[%emt 0:00:00]} 72. Rd8# {[%emt 0:00:00] (Lag: Av=0.61s, max=1.3s) (Lag: Av=0.61s, max=1.3s) (Lag: Av=0.61s, max=1.3s)} 1-0

[Event "Stay Safe Play From Home 395"]
[Site "Emanuel Lasker Arena"]
[Date "2020.08.19"]
[Round "3"]
[White "Lamborghini"]
[Black "Hickey"]
[Result "1-0"]
[WhiteElo "2336"]
[BlackElo "2236"]
[PlyCount "145"]
[EventDate "2020.08.19"]
[EventType "swiss (blitz)"]

1. e4 {[%emt 0:00:02]} c6 {[%emt 0:00:01]} 2. d4 {[%emt 0:00:01]} d5 {[%emt 0:00:00]} 3. Nc3 {[%emt 0:00:00]} dxe4 {[%emt 0:00:01]} 4. Nxe4 {[%emt 0:00:01]} Bf5 {[%emt 0:00:00]} 5. Ng3 {[%emt 0:00:01]} Bg6 {[%emt 0:00:00]} 6. h4 {[%emt 0:00:00]} h6 {[%emt 0:00:01]} 7. Nf3 {[%emt 0:00:00]} Nd7 {[%emt 0:00:02]} 8. h5 {[%emt 0:00:01]} Bh7 {[%emt 0:00:00]} 9. Bd3 {[%emt 0:00:01]} Bxd3 {[%emt 0:00:00]} 10. Qxd3 {[%emt 0:00:00]} e6 {[%emt 0:00:00]} 11. Bf4 {[%emt 0:00:01]} Qa5+ {[%emt 0:00:02]} 12. Bd2 {[%emt 0:00:01]} Bb4 {[%emt 0:00:00]} 13. c3 {[%emt 0:00:01]} Be7 {[%emt 0:00:01]} 14. c4 {[%emt 0:00:00]} Qc7 {[%emt 0:00:01]} 15. O-O-O {[%emt 0:00:00]} Ngf6 {[%emt 0:00:01]} 16. Kb1 {[%emt 0:00:00]} b5 {[%emt 0:00:02]} 17. Rc1 {[%emt 0:00:02]} bxc4 {[%emt 0:00:01]} 18. Qxc4 {[%emt 0:00:01]} O-O {[%emt 0:00:01]} 19. Qxc6 {[%emt 0:00:03]} Qd8 {[%emt 0:00:00]} 20. Rhd1 {[%emt 0:00:05]} Nd5 {[%emt 0:00:01]} 21. Ne4 {[%emt 0:00:02]} N7f6 {[%emt 0:00:01]} 22. Nxf6+ {[%emt 0:00:01]} Bxf6 {[%emt 0:00:00]} 23. Ne5 {[%emt 0:00:01]} Bxe5 {[%emt 0:00:01]} 24. dxe5 {[%emt 0:00:01]} Qh4 {[%emt 0:00:01]} 25. Ba5 {[%emt 0:00:04]} Qxf2 {[%emt 0:00:05]} 26. g4 {[%emt 0:00:02]} Qf4 {[%emt 0:00:02]} 27. Qc4 {[%emt 0:00:01]} Qxe5 {[%emt 0:00:01]} 28. Bc3 {[%emt 0:00:02]} Nxc3+ {[%emt 0:00:02]} 29. Qxc3 {[%emt 0:00:00]} Qe4+ {[%emt 0:00:03]} 30. Ka1 {[%emt 0:00:01]} Qxg4 {[%emt 0:00:01]} 31. Rg1 {[%emt 0:00:02]} Rac8 {[%emt 0:00:10]} 32. Qxc8 {[%emt 0:00:02]} Qxg1 {[%emt 0:00:02]} 33. Qxf8+ {[%emt 0:00:01]} Kxf8 {[%emt 0:00:00]} 34. Rxg1 {[%emt 0:00:01]} f5 {[%emt 0:00:01]} 35. b4 {[%emt 0:00:00]} e5 {[%emt 0:00:02]} 36. a4 {[%emt 0:00:00]} e4 {[%emt 0:00:01]} 37. Rf1 {[%emt 0:00:01]} Ke7 {[%emt 0:00:02]} 38. Rxf5 {[%emt 0:00:00]} Ke6 {[%emt 0:00:00]} 39. Rf2 {[%emt 0:00:01]} Kd5 {[%emt 0:00:01]} 40. Re2 {[%emt 0:00:00]} Kd4 {[%emt 0:00:01]} 41. b5 {[%emt 0:00:00]} Kd3 {[%emt 0:00:00]} 42. Re1 {[%emt 0:00:01]} e3 {[%emt 0:00:00]} 43. a5 {[%emt 0:00:01]} e2 {[%emt 0:00:00]} 44. Rxe2 {[%emt 0:00:01]} Kxe2 {[%emt 0:00:01]} 45. b6 {[%emt 0:00:00]} Kd2 {[%emt 0:00:01]} 46. bxa7 {[%emt 0:00:01]} Ke2 {[%emt 0:00:00]} 47. a8=Q {[%emt 0:00:00]} g6 {[%emt 0:00:00]} 48. Qe4+ {[%emt 0:00:01]} Kf2 {[%emt 0:00:01]} 49. Qxg6 {[%emt 0:00:00]} Ke3 {[%emt 0:00:01]} 50. Qxh6+ {[%emt 0:00:00]} Kf2 {[%emt 0:00:00]} 51. Qc6 {[%emt 0:00:01]} Ke3 {[%emt 0:00:00]} 52. Qc3+ {[%emt 0:00:00]} Kf2 {[%emt 0:00:00]} 53. Kb2 {[%emt 0:00:00]} Ke2 {[%emt 0:00:00]} 54. Qh8 {[%emt 0:00:00]} Kf2 {[%emt 0:00:00]} 55. Qa8 {[%emt 0:00:00]} Ke2 {[%emt 0:00:00]} 56. Qh1 {[%emt 0:00:01]} Kf2 {[%emt 0:00:00]} 57. Qa1 {[%emt 0:00:00]} Ke2 {[%emt 0:00:00]} 58. a6 {[%emt 0:00:00]} Kf2 {[%emt 0:00:00]} 59. a7 {[%emt 0:00:00]} Ke2 {[%emt 0:00:00]} 60. a8=Q {[%emt 0:00:00]} Kf2 {[%emt 0:00:00]} 61. h6 {[%emt 0:00:01]} Ke2 {[%emt 0:00:00]} 62. h7 {[%emt 0:00:01]} Kf2 {[%emt 0:00:00]} 63. Qf3+ {[%emt 0:00:01]} Kxf3 {[%emt 0:00:01]} 64. Qf1+ {[%emt 0:00:00]} Ke3 {[%emt 0:00:01]} 65. Qf3+ {[%emt 0:00:01]} Kxf3 {[%emt 0:00:00]} 66. h8=Q {[%emt 0:00:01]} Kg3 {[%emt 0:00:00]} 67. Qf6 {[%emt 0:00:01]} Kh3 {[%emt 0:00:01]} 68. Kc2 {[%emt 0:00:00]} Kg3 {[%emt 0:00:00]} 69. Kd2 {[%emt 0:00:00]} Kh3 {[%emt 0:00:00]} 70. Ke3 {[%emt 0:00:00]} Kg3 {[%emt 0:00:00]} 71. Qg5+ {[%emt 0:00:01]} Kh3 {[%emt 0:00:00]} 72. Kf2 {[%emt 0:00:00]} Kh2 {[%emt 0:00:00]} 73. Qg2# {[%emt 0:00:01] (Lag: Av=0.61s, max=1.1s) (Lag: Av=0.61s, max=1.1s) (Lag: Av=0.61s, max=1.1s)} 1-0

[Event "Stay Safe Play From Home 395"]
[Site "Emanuel Lasker Arena"]
[Date "2020.08.19"]
[Round "3"]
[White "Mepe_Nika"]
[Black "MihailoVujic"]
[Result "0-1"]
[WhiteElo "2329"]
[BlackElo "2122"]
[PlyCount "110"]
[EventDate "2020.08.19"]
[EventType "swiss (blitz)"]

1. d4 {[%emt 0:00:01]} d5 {[%emt 0:00:01]} 2. Bf4 {[%emt 0:00:00]} Nc6 {[%emt 0:00:00]} 3. e3 {[%emt 0:00:00]} f6 {[%emt 0:00:00]} 4. Nf3 {[%emt 0:00:02]} Bg4 {[%emt 0:00:01]} 5. Bb5 {[%emt 0:00:01]} Qd7 {[%emt 0:00:01]} 6. h3 {[%emt 0:00:01]} Bxf3 {[%emt 0:00:02]} 7. Qxf3 {[%emt 0:00:00]} O-O-O {[%emt 0:00:01]} 8. c4 {[%emt 0:00:00]} e5 {[%emt 0:00:02]} 9. dxe5 {[%emt 0:00:02]} Bb4+ {[%emt 0:00:01]} 10. Kf1 {[%emt 0:00:02]} fxe5 {[%emt 0:00:03]} 11. Bxe5 {[%emt 0:00:01]} Nf6 {[%emt 0:00:05]} 12. Bxf6 {[%emt 0:00:03]} gxf6 {[%emt 0:00:01]} 13. cxd5 {[%emt 0:00:01]} Qxd5 {[%emt 0:00:03]} 14. Qxd5 {[%emt 0:00:01]} Rxd5 {[%emt 0:00:00]} 15. Nc3 {[%emt 0:00:07]} Bxc3 {[%emt 0:00:02]} 16. Bxc6 {[%emt 0:00:01]} bxc6 {[%emt 0:00:03]} 17. bxc3 {[%emt 0:00:01]} Rd2 {[%emt 0:00:01]} 18. g4 {[%emt 0:00:04]} Rhd8 {[%emt 0:00:03]} 19. Kg2 {[%emt 0:00:00]} Rc2 {[%emt 0:00:00]} 20. Rhd1 {[%emt 0:00:01]} Rxd1 {[%emt 0:00:01]} 21. Rxd1 {[%emt 0:00:00]} Rxc3 {[%emt 0:00:00]} 22. Rd4 {[%emt 0:00:02]} Ra3 {[%emt 0:00:02]} 23. Rf4 {[%emt 0:00:01]} c5 {[%emt 0:00:02]} 24. Rxf6 {[%emt 0:00:01]} Kb7 {[%emt 0:00:01]} 25. Kf3 {[%emt 0:00:02]} Rxa2 {[%emt 0:00:01]} 26. Ke4 {[%emt 0:00:01]} c6 {[%emt 0:00:03]} 27. f4 {[%emt 0:00:02]} Kb6 {[%emt 0:00:01]} 28. f5 {[%emt 0:00:01]} c4 {[%emt 0:00:00]} 29. Kd4 {[%emt 0:00:02]} Kb5 {[%emt 0:00:01]} 30. Rf8 {[%emt 0:00:04]} Rd2+ {[%emt 0:00:00]} 31. Kc3 {[%emt 0:00:01]} Rd3+ {[%emt 0:00:00]} 32. Kc2 {[%emt 0:00:01]} Rxe3 {[%emt 0:00:00]} 33. h4 {[%emt 0:00:01]} Kb4 {[%emt 0:00:02]} 34. Rb8+ {[%emt 0:00:01]} Kc5 {[%emt 0:00:01]} 35. g5 {[%emt 0:00:00]} Rf3 {[%emt 0:00:01]} 36. f6 {[%emt 0:00:01]} Kd4 {[%emt 0:00:00]} 37. Rd8+ {[%emt 0:00:01]} Kc5 {[%emt 0:00:00]} 38. h5 {[%emt 0:00:01]} a5 {[%emt 0:00:02]} 39. Rd7 {[%emt 0:00:03]} Rf5 {[%emt 0:00:02]} 40. f7 {[%emt 0:00:01]} Kb4 {[%emt 0:00:03]} 41. Rb7+ {[%emt 0:00:02]} Kc5 {[%emt 0:00:00]} 42. g6 {[%emt 0:00:00]} hxg6 {[%emt 0:00:01]} 43. hxg6 {[%emt 0:00:00]} Rf2+ {[%emt 0:00:00]} 44. Kc3 {[%emt 0:00:00]} Rf3+ {[%emt 0:00:00]} 45. Kd2 {[%emt 0:00:00]} Rf2+ {[%emt 0:00:00]} 46. Ke3 {[%emt 0:00:01]} Rf6 {[%emt 0:00:00]} 47. g7 {[%emt 0:00:01]} Re6+ {[%emt 0:00:00]} 48. Kf4 {[%emt 0:00:01]} Rf6+ {[%emt 0:00:00]} 49. Kg5 {[%emt 0:00:00]} Rf1 {[%emt 0:00:00]} 50. Re7 {[%emt 0:00:00]} Rg1+ {[%emt 0:00:00]} 51. Kh6 {[%emt 0:00:00]} Kd4 {[%emt 0:00:00]} 52. Kh7 {[%emt 0:00:01]} Rh1+ {[%emt 0:00:00]} 53. Kg8 {[%emt 0:00:00]} Rg1 {[%emt 0:00:00]} 54. Rd7+ {[%emt 0:00:00]} Kc3 {[%emt 0:00:02]} 55. f8=Q {[%emt 0:00:00]} Kb2 {[%emt 0:00:00] Time Time Time (Lag: Av=0.70s, max=1.3s) (Lag: Av=0.70s, max=1.3s) (Lag: Av=0.70s, max=1.3s)} 0-1